[Event "Paris European Corporate 1st"]
[Site "Paris"]
[Date "2017.11.25"]
[Round "5.3"]
[White "Breest, Axel"]
[Black "Lelievre, Clement"]
[Result "1-0"]
[WhiteElo "2001"]
[BlackElo "1824"]
[PlyCount "39"]
[EventDate "2017.11.24"]
[EventType "team-swiss"]
[EventRounds "9"]
[EventCountry "FRA"]
[SourceTitle "CBM 181 Extra"]
[Source "ChessBase"]
[SourceDate "2017.12.12"]
[SourceVersion "1"]
[SourceVersionDate "2017.12.12"]
[SourceQuality "1"]
[WhiteTeam "OCDE"]
[BlackTeam "Event Consulting"]
[WhiteTeamCountry "GER"]
[BlackTeamCountry "FRA"]

1. e4 e5 2. Nc3 Nf6 3. Bc4 Be7 4. f4 Nxe4 5. Nf3 Nxc3 6. dxc3 Nc6 7. Qd5 0-0 8. Ng5 Bxg5 9. fxg5 d6 10. Qe4 Be6 11. Bd3 g6 12. 0-0 d5 13. Qh4 e4 14. Be2 Qd6 15. Bf4 Qc5+ 16. Kh1 Ne7 17. Be5 Nc6 18. Bf6 Rfe8 19. Rf4 h5 20. Bxh5 1-0

[Event "Paris European Corporate 1st"]
[Site "Paris"]
[Date "2017.11.25"]
[Round "7.3"]
[White "Maufras, Jerome"]
[Black "Lelievre, Clement"]
[Result "1/2-1/2"]
[WhiteElo "1950"]
[BlackElo "1824"]
[PlyCount "78"]
[EventDate "2017.11.24"]
[EventType "team-swiss"]
[EventRounds "9"]
[EventCountry "FRA"]
[SourceTitle "CBM 181 Extra"]
[Source "ChessBase"]
[SourceDate "2017.12.12"]
[SourceVersion "1"]
[SourceVersionDate "2017.12.12"]
[SourceQuality "1"]
[WhiteTeam "Leonard"]
[BlackTeam "Event Consulting"]
[WhiteTeamCountry "FRA"]
[BlackTeamCountry "FRA"]

1. c4 Nf6 2. Nc3 g6 3. g3 c6 4. Bg2 Bg7 5. e4 d6 6. Nge2 0-0 7. 0-0 Be6 8. d3 Ne8 9. Nf4 Nc7 10. Qb3 b5 11. Nxe6 Nxe6 12. cxb5 Nd4 13. Qa4 cxb5 14. Nxb5 Qd7 15. Nc3 Ne2+ 16. Kh1 Nxc3 17. Qxd7 Nxd7 18. bxc3 Bxc3 19. Bh6 Rfc8 20. Rab1 Rab8 21. Bh3 e6 22. Be3 Nc5 23. Rfc1 Rb2 24. Rxb2 Bxb2 25. Rc2 Rb8 26. Bxc5 dxc5 27. Rxc5 Bd4 28. Rc2 a5 29. f4 h5 30. Kg2 Rb2 31. Rxb2 Bxb2 32. Kf3 Kf8 33. g4 hxg4+ 34. Kxg4 Bc1 35. d4 Ke7 36. Kf3 Kd6 37. Bf1 Bb2 38. Ke3 Bc1+ 39. Kf3 Bb2 1/2-1/2

[Event "Rouen op 9th"]
[Site "Rouen"]
[Date "2016.12.20"]
[Round "7"]
[White "Blasco, David"]
[Black "Lelievre, Clement"]
[Result "1-0"]
[WhiteElo "1596"]
[BlackElo "1786"]
[PlyCount "67"]
[EventDate "2016.12.17"]
[EventType "swiss"]
[EventRounds "7"]
[EventCountry "FRA"]
[SourceTitle "CBM 176 Extra"]
[Source "ChessBase"]
[SourceDate "2017.03.02"]
[SourceVersion "1"]
[SourceVersionDate "2017.03.02"]
[SourceQuality "1"]

1. e4 e5 2. f4 d5 3. exd5 e4 4. d3 Nf6 5. dxe4 Nxe4 6. Nf3 Bc5 7. Qe2 Qe7 8. Be3 Bxe3 9. Qxe3 0-0 10. Nbd2 Re8 11. 0-0-0 Bf5 12. Re1 Kf8 13. Qd4 c5 14. Qa4 Nd7 15. Bd3 Ndf6 16. Nxe4 Bxe4 17. Ng5 b5 18. Qa5 Qd6 19. Nxe4 Nxe4 20. Bxb5 Qxf4+ 21. Kb1 Nd2+ 22. Ka1 Rxe1+ 23. Rxe1 Qf2 24. Rd1 Ne4 25. Qc7 Qxc2 26. Rf1 Nf6 27. d6 Qg6 28. Bc6 Qd3 29. Qe7+ Kg8 30. Re1 Rb8 31. d7 h6 32. Qe8+ Rxe8 33. dxe8Q+ Kh7 34. Be4+ 1-0

[Event "Rouen op 9th"]
[Site "Rouen"]
[Date "2016.12.18"]
[Round "3"]
[White "Benassis, Nicola Henri"]
[Black "Lelievre, Clement"]
[Result "0-1"]
[WhiteElo "1448"]
[BlackElo "1786"]
[PlyCount "114"]
[EventDate "2016.12.17"]
[EventType "swiss"]
[EventRounds "7"]
[EventCountry "FRA"]
[SourceTitle "CBM 176 Extra"]
[Source "ChessBase"]
[SourceDate "2017.03.02"]
[SourceVersion "1"]
[SourceVersionDate "2017.03.02"]
[SourceQuality "1"]

1. e4 e5 2. Nf3 Nc6 3. Bb5 a6 4. Ba4 Nf6 5. 0-0 Nxe4 6. Re1 Nc5 7. Nxe5 Nxe5 8. Rxe5+ Be7 9. Bb3 Nxb3 10. axb3 0-0 11. Nc3 d6 12. Re1 Be6 13. d3 d5 14. Bf4 Re8 15. Qf3 Qd7 16. Qg3 Rac8 17. Re2 Bf6 18. Be5 Bxe5 19. Rxe5 Qd6 20. Rae1 f6 21. R5e2 Qxg3 22. fxg3 Kf7 23. Kf2 d4 24. Ne4 Bd5 25. Nd2 c5 26. Nc4 Rxe2+ 27. Rxe2 Rc6 28. Na5 Re6 29. Rxe6 Kxe6 30. Nc4 b5 31. Nd2 Kf5 32. h3 h5 33. Kg1 g5 34. Kf2 a5 35. h4 gxh4 36. gxh4 Kg4 37. g3 f5 38. c4 dxc3 39. bxc3 a4 40. bxa4 bxa4 41. Nb1 f4 42. gxf4 Kxf4 43. Kg1 Kg3 44. d4 c4 45. Na3 Kxh4 46. Kh2 Kg4 47. Nb1 Kf4 48. Kh3 Ke3 49. Na3 Kd3 50. Nb5 Kc2 51. Kh4 Bf3 52. d5 Bxd5 53. Kxh5 Kb2 54. Kg4 a3 55. Nxa3 Kxa3 56. Kf4 Kb3 57. Ke3 Kxc3 0-1